000 00307nam a2200121Ia 4500
008 150731s2013 xx 000 0 und d
082 _a615.538
_bV 13 S
100 _aSINGH,VINOD KUMAR
245 _aVAT VYDHI CHIKITSA VIGYAN
260 _bCHAUKHAMBHA PUB. NEW DELHI
_c2013
300 _a160
942 _2ddc
_cBK
999 _c7737
_d7737